Tìm hiểu về vè các lái trên con đường giao thương ven biển các tỉnh Nam Trung Bộ
Tìm hiểu về vè các lái; bài Hải môn ca bài ca về các cửa biển, vè các lái trên đường giao thương ngang qua vùng biển các tỉnh Nam Trung Bộ.; TM tài liệu tham khảo tr. 195 - 196; 282 - 289
Sparad:
| Huvudupphovsman: | |
|---|---|
| Materialtyp: | Bok |
| Språk: | Undetermined |
| Publicerad: |
Tp. Hồ Chí Minh
Hội nhà văn
2016
|
| Ämnen: | |
| Länkar: | http://lrc.tdmu.edu.vn/opac/search/detail.asp?aID=2&ID=28558 |
| Taggar: |
Lägg till en tagg
Inga taggar, Lägg till första taggen!
|
| Thư viện lưu trữ: | Trung tâm Học liệu Trường Đại học Thủ Dầu Một |
|---|
| LEADER | 01078nam a2200205Ia 4500 | ||
|---|---|---|---|
| 001 | TDMU_28558 | ||
| 008 | 210410s9999 xx 000 0 und d | ||
| 082 | |a 959.77029 | ||
| 090 | |b NG450 | ||
| 100 | |a Ngô, Văn Ban | ||
| 245 | 0 | |a Tìm hiểu về vè các lái trên con đường giao thương ven biển các tỉnh Nam Trung Bộ | |
| 245 | 0 | |c Ngô Văn Ban (s.t, t.hiểu, g.thiệu) | |
| 260 | |a Tp. Hồ Chí Minh | ||
| 260 | |b Hội nhà văn | ||
| 260 | |c 2016 | ||
| 300 | |a 295 tr | ||
| 520 | |a Tìm hiểu về vè các lái; bài Hải môn ca bài ca về các cửa biển, vè các lái trên đường giao thương ngang qua vùng biển các tỉnh Nam Trung Bộ.; TM tài liệu tham khảo tr. 195 - 196; 282 - 289 | ||
| 650 | |a Văn hóa dân gian |x Vè |x Thủy trình |z Nam Trung Bộ (Việt Nam); Vè các lái |x Văn hóa | ||
| 856 | |u http://lrc.tdmu.edu.vn/opac/search/detail.asp?aID=2&ID=28558 | ||
| 980 | |a Trung tâm Học liệu Trường Đại học Thủ Dầu Một | ||